000 00780nam0a22002411 4500
001 rc\666763
005 20250621203612.0
035 _a(NLR Aleph) 005905590
090 _a6322670
_c6322670
100 _a20031121d1986 |||y0rusy50 ca
101 0 _arus
102 _aRU
105 _ay |||||||||
200 1 _aКодекс о браке и семье РСФСР
_e(С изм. и доп.)
_fМ-во юстиции РСФСР
210 _aМ.
_cЮрид. лит.
_d1986
215 _a78, [1] с.
_d19
740 1 _aРСФСР
_iКодекс о браке и семье
_tЗаконы и постановления
_9761793
_3RU\NLR\AUTH\880548241
801 0 _aRU
_bNLR
_gpsbo
801 1 _aRU
_bELAR
_2rusmarc
852 _aNLR
_j86-4/3411
942 _cBOOK
980 _aNB